|
|
|
|
| LEADER |
00000nbm2a2200000 4500 |
| 001 |
143102 |
| 005 |
20231031143025.0 |
| 035 |
|
|
|a (RuTPU)RU\TPU\book\155070
|
| 035 |
|
|
|a RU\TPU\book\155069
|
| 090 |
|
|
|a 143102
|
| 100 |
|
|
|a 20080916d1967 k y0rusy50 ca
|
| 101 |
0 |
|
|a rus
|
| 102 |
|
|
|a RU
|
| 105 |
|
|
|a a m 000zy
|
| 200 |
0 |
|
|a Альбом иллюстраций
|
| 210 |
|
|
|d 1967
|
| 422 |
|
1 |
|0 (RuTPU)RU\TPU\book\155069
|t Т. 1
|d 1967
|p 537 л.
|
| 461 |
|
1 |
|0 (RuTPU)RU\TPU\book\155068
|t Электромашинные усилители постоянного и переменного тока
|o диссертация на соискание ученой степени доктора технических наук
|f А. И. Скороспешкин
|v Альбом иллюстраций
|d 1967
|
| 610 |
1 |
|
|a докторские диссертации
|
| 610 |
1 |
|
|a электромашинные усилители
|
| 610 |
1 |
|
|a коммутация
|
| 610 |
1 |
|
|a альбомы
|
| 610 |
1 |
|
|a иллюстрации
|
| 610 |
1 |
|
|a приложения
|
| 675 |
|
|
|a 621.375.6(04)
|v 3
|
| 801 |
|
1 |
|a RU
|b 63413507
|c 20080916
|g PSBO
|
| 801 |
|
2 |
|a RU
|b 63413507
|c 20190311
|g PSBO
|
| 942 |
|
|
|c BK
|